<?xml version="1.0" encoding="UTF-8"?><?xml-stylesheet type="text/xsl" href="static/style.xsl"?><OAI-PMH xmlns="http://www.openarchives.org/OAI/2.0/" xmlns:xsi="http://www.w3.org/2001/XMLSchema-instance" xsi:schemaLocation="http://www.openarchives.org/OAI/2.0/ http://www.openarchives.org/OAI/2.0/OAI-PMH.xsd"><responseDate>2026-04-18T07:00:06Z</responseDate><request verb="GetRecord" identifier="oai:www.recercat.cat:2117/440597" metadataPrefix="marc">https://recercat.cat/oai/request</request><GetRecord><record><header><identifier>oai:recercat.cat:2117/440597</identifier><datestamp>2025-09-19T22:12:07Z</datestamp><setSpec>com_2072_1033</setSpec><setSpec>col_2072_452951</setSpec></header><metadata><record xmlns="http://www.loc.gov/MARC21/slim" xmlns:dcterms="http://purl.org/dc/terms/" xmlns:xsi="http://www.w3.org/2001/XMLSchema-instance" xmlns:doc="http://www.lyncode.com/xoai" xsi:schemaLocation="http://www.loc.gov/MARC21/slim http://www.loc.gov/standards/marcxml/schema/MARC21slim.xsd">
   <leader>00925njm 22002777a 4500</leader>
   <datafield ind2=" " ind1=" " tag="042">
      <subfield code="a">dc</subfield>
   </datafield>
   <datafield ind2=" " ind1=" " tag="720">
      <subfield code="a">Sabariego Ocaña, Nerea</subfield>
      <subfield code="e">author</subfield>
   </datafield>
   <datafield ind2=" " ind1=" " tag="260">
      <subfield code="c">2025-07-22</subfield>
   </datafield>
   <datafield ind2=" " ind1=" " tag="520">
      <subfield code="a">Els habitatges d’Espanya, construïts majoritàriament sota criteris d’altres temps, s’enfronten avui a un repte urgent i inajornable: adaptar-se a un nou model energètic que sigui eficient, sostenible i capaç de respondre a les demandes ambientals i socials del segle XXI. Amb aquesta premissa, s’ha dut a terme una anàlisi comparativa entre el context espanyol i dos models europeus consolidats: Dinamarca i Suïssa. 
A través d’una mirada tècnica i crítica, s’investiguen les estratègies d’èxit implementades en aquests països i s’avalua com poden ser adaptades a la realitat climàtica, econòmica i normativa del territori espanyol. No es tracta només d’imitar models, sinó d’entendre el perquè del seu èxit i traduir-lo en propostes viables dins el nostre entorn. 
S’ha estudiat el comportament de sistemes com l’aerotèrmia, la biomassa i l’energia solar segons les cinc zones climàtiques del país. A les zones A i B, càlides i costaneres, s’ha constatat l’eficiència de l’aerotèrmia combinada amb energia solar. En les zones D i E, més fredes, la biomassa es mostra com una opció robusta per a la calefacció. Pel que fa a la zona C, amb un clima moderat, destaca la versatilitat de l’aerotèrmia, amb un bon potencial en sistemes híbrids. 
Aquest estudi no només pretén identificar les solucions més eficients per a cada entorn climàtic, sinó també contribuir, des del rigor tècnic i l’anàlisi crítica, a imaginar un futur energètic millor per als habitatges d’Espanya. Un horitzó on l’eficiència i el confort convisquin en harmonia, i on la sostenibilitat esdevingui una aposta col·lectiva, tangible i adaptada al territori. Un futur inspirat en bones pràctiques, però adaptat a la nostra realitat. En definitiva, una proposta que busca sumar valor, transversalitat i viabilitat a la manera com habitem i es gestiona l’energia als entorns residencials.</subfield>
   </datafield>
   <datafield ind2=" " ind1=" " tag="520">
      <subfield code="a">Objectius de Desenvolupament Sostenible::7 - Energia Assequible i No Contaminant</subfield>
   </datafield>
   <datafield ind2=" " ind1=" " tag="520">
      <subfield code="a">Objectius de Desenvolupament Sostenible::11 - Ciutats i Comunitats Sostenibles</subfield>
   </datafield>
   <datafield ind1="8" ind2=" " tag="024">
      <subfield code="a">http://hdl.handle.net/2117/440597</subfield>
   </datafield>
   <datafield tag="653" ind2=" " ind1=" ">
      <subfield code="a">Àrees temàtiques de la UPC::Edificació::Construcció sostenible</subfield>
   </datafield>
   <datafield tag="653" ind2=" " ind1=" ">
      <subfield code="a">Architecture and energy conservation</subfield>
   </datafield>
   <datafield tag="653" ind2=" " ind1=" ">
      <subfield code="a">Energy conservation</subfield>
   </datafield>
   <datafield tag="653" ind2=" " ind1=" ">
      <subfield code="a">Sustainable buildings</subfield>
   </datafield>
   <datafield tag="653" ind2=" " ind1=" ">
      <subfield code="a">Renewable energy sources</subfield>
   </datafield>
   <datafield tag="653" ind2=" " ind1=" ">
      <subfield code="a">energies renovables, habitatge, eficiència energètica, biomassa, aerotèrmia, energia solar, adaptació climàtica, sostenibilitat, autoconsum, transició energètica</subfield>
   </datafield>
   <datafield tag="653" ind2=" " ind1=" ">
      <subfield code="a">Arquitectura i estalvi d'energia</subfield>
   </datafield>
   <datafield tag="653" ind2=" " ind1=" ">
      <subfield code="a">Energia--Estalvi</subfield>
   </datafield>
   <datafield tag="653" ind2=" " ind1=" ">
      <subfield code="a">Edificis sostenibles</subfield>
   </datafield>
   <datafield tag="653" ind2=" " ind1=" ">
      <subfield code="a">Energies renovables</subfield>
   </datafield>
   <datafield ind2="0" ind1="0" tag="245">
      <subfield code="a">Anàlisi i proposta d'energies renovables per a habitatges espanyols basats en models de Dinamarca i Suïssa</subfield>
   </datafield>
</record></metadata></record></GetRecord></OAI-PMH>